UEFA Club Coefficients: Top 50 - Statistics

General Stats
  • This quiz has been taken 109 times
  • The average score is 42 of 50
Answer Stats
Position Club Country 2012/13 2013/14 2014/15 2015/16 2016/17 Total % Correct
3 FC Barcelona Spain 27.543 28.600 38.043 30.786 27.028 151.999
100%
5 Juventus Italy 25.883 25.833 32.800 20.300 35.850 140.666
100%
12 Manchester City England 10.286 22.357 17.714 28.850 20.986 100.192
100%
15 Manchester United England 21.286 26.357 2.714 15.850 28.986 95.192
100%
1 Real Madrid Spain 29.543 39.600 33.043 37.786 37.028 176.999
100%
41 AC Milan Italy 19.883 18.833 3.800 2.300 2.850 47.666
99%
11 Arsenal England 21.286 21.357 22.714 17.850 21.986 105.192
99%
4 Atlético Madrid Spain 13.543 37.600 26.043 32.786 33.028 142.999
99%
2 Bayern München Germany 36.586 29.943 31.171 32.286 24.914 154.899
99%
10 Chelsea England 30.286 28.357 23.714 20.850 2.986 106.192
99%
13 FC Porto Portugal 22.350 17.983 26.817 13.100 18.617 98.866
99%
6 Paris Saint-Germain France 27.350 26.700 23.183 26.217 22.883 126.333
99%
8 Sevilla Spain 3.543 26.600 32.043 27.786 23.028 112.999
98%
9 Benfica Portugal 28.350 30.983 9.817 24.100 18.617 111.866
97%
7 Borussia Dortmund Germany 33.586 24.943 21.171 20.286 24.914 124.899
97%
45 Internazionale Italy 16.883 2.833 15.800 2.300 6.850 44.666
97%
17 Napoli Italy 8.883 18.833 25.800 15.300 19.850 88.666
97%
34 Liverpool England 12.286 3.357 12.714 24.850 2.986 56.192
95%
23 Olympique Lyon France 14.350 16.700 3.683 9.217 24.883 68.833
95%
37 AS Roma Italy 2.883 2.833 15.800 16.300 15.850 53.666
94%
21 Valencia Spain 22.543 26.600 4.043 18.786 4.028 75.999
92%
20 Tottenham Hotspur England 19.286 18.357 11.714 14.850 12.986 77.192
90%
19 Zenit St. Petersburg Russia 14.950 18.083 18.933 21.300 13.840 87.106
90%
31 Galatasaray Turkey 24.040 16.340 6.200 10.320 1.940 58.840
88%
28 Olympiacos Piraeus Greece 10.880 19.220 12.240 11.080 11.160 64.580
88%
14 Schalke 04 Germany 22.586 18.943 20.171 14.286 20.914 96.899
88%
25 Dynamo Kyiv Ukraine 10.900 9.567 18.000 19.960 9.100 67.526
87%
42 PSV Eindhoven The Netherlands 5.843 6.183 7.217 19.150 7.820 46.212
87%
48 Celtic Scotland 16.860 6.650 7.800 3.600 7.875 42.785
86%
18 Shakhtar Donetsk Ukraine 18.900 12.567 19.000 21.960 15.100 87.526
85%
26 AFC Ajax The Netherlands 9.843 11.183 15.217 7.150 23.820 67.212
84%
32 Anderlecht Belgium 9.300 6.280 11.920 12.480 18.500 58.480
84%
33 Lazio Italy 20.883 12.833 3.800 16.300 2.850 56.666
84%
29 AS Monaco France 2.350 1.700 23.183 7.217 27.883 62.333
83%
16 Bayer Leverkusen Germany 12.586 18.943 21.171 17.286 20.914 90.899
83%
22 FC Basel Switzerland 17.675 20.440 16.380 13.060 6.860 74.415
81%
40 Sparta Praha Czech Republic 9.700 2.100 7.775 18.460 10.100 48.135
81%
43 Besiktas Turkey 2.040 1.340 12.200 8.320 21.940 45.840
79%
24 Fiorentina Italy 2.883 17.833 23.800 10.300 13.850 68.666
79%
30 Athletic Bilbao Spain 7.543 4.600 14.043 21.786 13.028 60.999
78%
50 Red Bull Salzburg Austria 1.450 18.560 11.825 2.260 6.475 40.570
72%
39 Fenerbahçe Turkey 24.040 1.340 1.200 13.320 11.940 51.840
71%
36 Borussia Mönchengladbach Germany 12.586 2.943 12.171 11.286 14.914 53.899
65%
35 VfL Wolfsburg Germany 3.586 2.943 19.171 27.286 2.914 55.899
64%
44 Racing Genk Belgium 11.300 12.280 1.920 1.480 18.500 45.480
63%
27 Villarreal Spain 3.543 4.600 16.043 27.786 13.028 64.999
58%
49 Viktoria Plzen Czech Republic 15.700 12.600 1.775 4.460 6.100 40.635
50%
38 Dnipro Dnipropetrovsk Ukraine 12.900 11.567 21.000 6.960 1.100 53.526
48%
47 Málaga CF Spain 25.543 4.600 4.043 4.786 4.028 42.999
44%
46 Rubin Kazan Russia 19.950 13.083 1.933 7.300 1.840 44.106
37%
No matching quizzes found
Score Distribution
Percent of People with Each Score
Percentile by Number Answered
Your Score History
You have not taken this quiz